000
00191 a2200097 4500
001
1624
100
_a
Molloy, E.
245
_a
Fitting practice
260
_a
_b
Newnes
_c
090
_c
1162
_d
1162
942
_a
NUST-CAE
_c
M
_c
1803
999
_c
236697
_d
236697